The Transition Economies After Ten Years /

This paper summarizes the macroeconomic performance of the transition economies. We first review the initial conditions confronting these economies, the reform strategy that was proposed, and the associated controversies that arose a decade ago. We then account for the widely different outcomes, hig...

Descripció completa

Dades bibliogràfiques
Autor principal: Fischer, Stanley
Altres autors: Sahay, Ratna
Format: Revista
Idioma:English
Publicat: Washington, D.C. : International Monetary Fund, 2000.
Col·lecció:IMF Working Papers; Working Paper ; No. 2000/030
Accés en línia:Full text available on IMF
LEADER 01702cas a2200253 a 4500
001 AALejournalIMF007683
008 230101c9999 xx r poo 0 0eng d
020 |c 5.00 USD 
020 |z 9781451844900 
022 |a 1018-5941 
040 |a BD-DhAAL  |c BD-DhAAL 
100 1 |a Fischer, Stanley. 
245 1 4 |a The Transition Economies After Ten Years /  |c Stanley Fischer, Ratna Sahay. 
264 1 |a Washington, D.C. :  |b International Monetary Fund,  |c 2000. 
300 |a 1 online resource (44 pages) 
490 1 |a IMF Working Papers 
500 |a <strong>Off-Campus Access:</strong> No User ID or Password Required 
500 |a <strong>On-Campus Access:</strong> No User ID or Password Required 
506 |a Electronic access restricted to authorized BRAC University faculty, staff and students 
520 3 |a This paper summarizes the macroeconomic performance of the transition economies. We first review the initial conditions confronting these economies, the reform strategy that was proposed, and the associated controversies that arose a decade ago. We then account for the widely different outcomes, highlighting the role of exogenous factors and the macroeconomic and structural policies adopted by the countries. We find that both stabilization policies and structural reforms, particularly privatization, contribute to growth. We also conclude that the faster is the speed of reforms, the quicker is the recovery and the higher is growth. 
538 |a Mode of access: Internet 
700 1 |a Sahay, Ratna. 
830 0 |a IMF Working Papers; Working Paper ;  |v No. 2000/030 
856 4 0 |z Full text available on IMF  |u http://elibrary.imf.org/view/journals/001/2000/030/001.2000.issue-030-en.xml  |z IMF e-Library